书目信息 |
| 题名: |
成都及周边终极热线自由行
|
|
| 作者: | ;中国经典游编辑部 编著 | |
| 分册: | ||
| 出版信息: | 桂林 广西师范大学出版社 2009 |
|
| 页数: | 197页 | |
| 开本: | 22cm | |
| 丛书名: | 中国经典游·终极热线自由行丛书 | |
| 单 册: | ||
| 中图分类: | K928.971.1 | |
| 科图分类: | ||
| 主题词: | 导游--成都 | |
| 电子资源: | ||
| ISBN: | 978-7-5633-8548-5 | |
| 000 | 01007nam0 2200277 450 | |
| 001 | 339500 | |
| 005 | 20150608152044.70 | |
| 010 | @a978-7-5633-8548-5@dCNY39.80 | |
| 100 | @a20090910d2009 em y0chiy50 ea | |
| 101 | 0 | @achi |
| 102 | @aCN@b450000 | |
| 105 | @aab z 000yy | |
| 106 | @ar | |
| 200 | 1 | @a成都及周边终极热线自由行@Acheng du ji zhou bian zhong ji re xian zi you xing@e前进成都 完全制霸!@e2009-2010最新全彩版@f《中国经典游》编辑部编著 |
| 210 | @a桂林@c广西师范大学出版社@d2009 | |
| 215 | @a197页@d22cm | |
| 225 | 1 | @a中国经典游·终极热线自由行丛书 |
| 300 | @a考拉旅行 | |
| 307 | @a附:成都及周边终极热线自由行别册——吃货!成都美食功略! | |
| 330 | @a本书介绍了众多热门旅游热地, 20条热线自由行全攻略, 以及成都和周边全部热门景点等。 | |
| 410 | 0 | @12001 @a中国经典游·终极热线自由行丛书 |
| 606 | 0 | @a导游@y成都 |
| 690 | @aK928.971.1@v5 | |
| 711 | 02 | @a中国经典游编辑部@Azhong guo jing dian you bian ji bu@4编著 |
| 801 | 0 | @aCN@b卓展宏图@c20150525 |
| 905 | @dK928.971.1@e871@f4 | |
| 成都及周边终极热线自由行:前进成都 完全制霸!:2009-2010最新全彩版/《中国经典游》编辑部编著.-桂林:广西师范大学出版社,2009 |
| 197页;22cm.-(中国经典游·终极热线自由行丛书) |
| 考拉旅行 |
| ISBN 978-7-5633-8548-5:CNY39.80 |
| 本书介绍了众多热门旅游热地, 20条热线自由行全攻略, 以及成都和周边全部热门景点等。 |
| ● |
| 相关链接 |
|
|
|
|
正题名:成都及周边终极热线自由行
索取号:K928.971.1/871
 
预约/预借
| 序号 | 登录号 | 条形码 | 馆藏地/架位号 | 状态 | 备注 |
| 1 | 858465 | 208584655 | 第二样本阅览室/ [索取号:K928.971.1/871] | 在馆 | |
| 2 | 858466 | 208584664 | 第二借阅区/ [索取号:K928.971.1/871] | 在馆 | |
| 3 | 858467 | 208584673 | 第二借阅区/ [索取号:K928.971.1/871] | 在馆 | |
| 4 | 858468 | 208584682 | 密集书库-资源管理系/ [索取号:K928.971.1/871] | 在馆 |